000 00341 a2200157 4500
001 46872
020 _a9788573405668
040 _cAnchieta - Aquarius
100 _aWojtowycz, David
240 1 0 _a*O que há no mar?
_lpor
245 1 0 _a*O que há no mar?
300 _a
362 0 _a2002
650 4 _aLiteratura infantil
942 _cBK
999 _c46872
_d46872